000 00623nam a2200193 i 4500
001 87589
003 ES-MaACL
005 20250214063121.0
007 t|
008 041222s1965 sp ||||1| spa d
100 0 _aLabayen, Antonio María,
_d1898-1994
_969225
245 1 0 _aTeatro euskar o notas para una historia del arte dramático vasco /
_cAntonio María Labayen.
260 _aSan Sebastián :
_bAuñamendi,
_c[1965]
300 _a2 v. ;
_c19 cm.
490 1 _aColección Auñamendi
830 0 _aColección Auñamendi
_9181019
852 _aES-MaACL
_jC-31040-1
_bR.56471
999 _c87589
_d87589